00434 a2200121 4500001001000000005001700010008004100027245012600068100002400194700003100218700002200249773004100271ART_5248920260410161633.0260409a 10aInformación sobre sostenibilidad: el documento de consulta de la International Financial Reporting Standards Foundation1 aGeba, Norma Beatriz1 aBifaretti, Marcela Claudia1 aLonghi, Paula Ana0 tEnfoquesg- N°4 (abr. 2021)wREV416